000
00261nam a22001217a 4500
041
_a
ENG
100
_a
Peter Quaak
245
_a
Energy From Biomass
260
_a
Washington
_b
The World Bank
_c
1999
300
_a
78
650
_a
EOES ( 12 )
856
_u
EOES ( 12 )
999
_c
2727
_d
2727